Die größten Deutschen Städte nach Buchstabenanzahl - Statistiken

Allgemein
  • Dieses Quiz wurde 327 mal gespielt
  • Das Durchschnittsergebnis liegt bei 53 aus 100
Antwortstatistiken
Einwohner Antwort Buchstaben % Korrekt
1.100.000 Köln 4 Buchstaben oder weniger
97%
3.700.000 Berlin 6 Buchstaben
88%
247.000 Kiel 4 Buchstaben oder weniger
87%
1.700.000 Hamburg 7 Buchstaben
86%
328.000 Bonn 4 Buchstaben oder weniger
85%
1.500.000 München 7 Buchstaben
84%
555.000 Dresden 7 Buchstaben
82%
570.000 Bremen 6 Buchstaben
81%
585.000 Essen 5 Buchstaben
79%
750.000 Frankfurt am Main 15 oder mehr Buchstaben
79%
590.000 Leipzig 7 Buchstaben
79%
640.000 Stuttgart 9 Buchstaben
78%
587.000 Dortmund 8 Buchstaben
77%
217.000 Mainz 5 Buchstaben
77%
127.000 Ulm 4 Buchstaben oder weniger
76%
365.000 Bochum 6 Buchstaben
75%
620.000 Düsseldorf 10 Buchstaben
75%
540.000 Hannover 8 Buchstaben
74%
213.000 Erfurt 6 Buchstaben
73%
110.000 Jena 4 Buchstaben oder weniger
73%
520.000 Nürnberg 8 Buchstaben
73%
177.000 Potsdam 7 Buchstaben
72%
246.000 Aachen 6 Buchstaben
70%
230.000 Freiburg im Breisgau 15 oder mehr Buchstaben
70%
260.000 Gelsenkirchen 12 bis 14 Buchstaben
69%
208.000 Rostock 7 Buchstaben
69%
300.000 Augsburg 8 Buchstaben
67%
500.000 Duisburg 8 Buchstaben
67%
308.000 Mannheim 8 Buchstaben
67%
181.000 Saarbrücken 11 Buchstaben
67%
245.000 Chemnitz 8 Buchstaben
66%
96.000 Gera 4 Buchstaben oder weniger
66%
218.000 Lübeck 6 Buchstaben
66%
239.000 Magdeburg 9 Buchstaben
66%
315.000 Münster 7 Buchstaben
66%
333.000 Bielefeld 9 Buchstaben
65%
313.000 Karlsruhe 9 Buchstaben
65%
200.000 Kassel 6 Buchstaben
65%
262.000 Mönchengladbach 15 oder mehr Buchstaben
65%
240.000 Halle 5 Buchstaben
64%
109.000 Trier 5 Buchstaben
61%
355.000 Wuppertal 9 Buchstaben
61%
180.000 Hamm 4 Buchstaben oder weniger
60%
280.000 Wiesbaden 9 Buchstaben
60%
127.000 Fürth 5 Buchstaben
59%
169.000 Oldenburg 9 Buchstaben
59%
168.000 Osnabrück 9 Buchstaben
59%
152.000 Regensburg 10 Buchstaben
59%
250.000 Braunschweig 12 bis 14 Buchstaben
58%
128.000 Würzburg 8 Buchstaben
58%
160.000 Heidelberg 10 Buchstaben
57%
164.000 Leverkusen 10 Buchstaben
57%
159.000 Darmstadt 9 Buchstaben
56%
113.000 Bremerhaven 11 Buchstaben
55%
114.000 Koblenz 7 Buchstaben
55%
138.000 Ingolstadt 10 Buchstaben
54%
210.000 Oberhausen 10 Buchstaben
53%
156.000 Herne 5 Buchstaben
52%
171.000 Ludwigshafen am Rhein 15 oder mehr Buchstaben
51%
150.000 Paderborn 9 Buchstaben
51%
190.000 Hagen 5 Buchstaben
50%
100.000 Kaiserslautern 12 bis 14 Buchstaben
50%
130.000 Offenbach am Main 15 oder mehr Buchstaben
50%
103.000 Siegen 6 Buchstaben
48%
111.000 Erlangen 8 Buchstaben
47%
227.000 Krefeld 7 Buchstaben
47%
159.000 Solingen 8 Buchstaben
46%
153.000 Neuss 5 Buchstaben
45%
111.000 Bergisch Gladbach 15 oder mehr Buchstaben
44%
100.000 Hanau 5 Buchstaben
43%
101.000 Hildesheim 10 Buchstaben
43%
170.000 Mülheim an der Ruhr 15 oder mehr Buchstaben
43%
112.000 Recklinghausen 12 bis 14 Buchstaben
42%
72.000 Brandenburg an der Havel 15 oder mehr Buchstaben
41%
103.000 Moers 5 Buchstaben
41%
115.000 Reutlingen 10 Buchstaben
41%
117.000 Bottrop 7 Buchstaben
36%
89.000 Gießen 6 Buchstaben
36%
105.000 Salzgitter 10 Buchstaben
36%
58.000 Unna 4 Buchstaben oder weniger
34%
70.000 Aschaffenburg 12 bis 14 Buchstaben
33%
82.000 Dessau-Roßlau 12 bis 14 Buchstaben
30%
94.000 Ludwigsburg 11 Buchstaben
30%
45.000 Hof 4 Buchstaben oder weniger
27%
84.000 Marl 4 Buchstaben oder weniger
27%
93.000 Esslingen am Neckar 15 oder mehr Buchstaben
25%
64.000 Neubrandenburg 12 bis 14 Buchstaben
25%
76.000 Wilhelmshaven 12 bis 14 Buchstaben
24%
74.000 Castrop-Rauxel 12 bis 14 Buchstaben
22%
89.000 Villingen-Schwenningen 15 oder mehr Buchstaben
22%
97.000 Witten 6 Buchstaben
22%
54.000 Schweinfurt 11 Buchstaben
20%
80.000 Neumünster 10 Buchstaben
19%
78.000 Delmenhorst 11 Buchstaben
18%
72.000 Lüdenscheid 11 Buchstaben
16%
79.000 Norderstedt 11 Buchstaben
10%
65.000 Sindelfingen 12 bis 14 Buchstaben
9%
51.000 Gummersbach 11 Buchstaben
8%
54.000 Langenhagen 11 Buchstaben
7%
46.000 Neunkirchen 11 Buchstaben
7%
Keine übereinstimmenden Quizze gefunden
Verteilung der Resultate
Anzahl Personen mit jedem Resultat
Perzentil nach korrekt beantworteten Fragen
Ihre Resultats-Entwicklung
Sie haben dieses Quiz noch nicht gespielt